000 00316nam a2200109Ia 4500
008 200302s9999 xx 000 0 und d
100 _aInura
245 _aThe contested Metropolis Six Cities at the Beginning of the 21st Century
260 _bBirkhauser Publisher for Architecture
260 _c2004
300 _a301 P.,
999 _c5416
_d5416